000 00805nam a22002297a 4500
999 _c17600
_d17600
003 AR-CdUCM
008 190509b ||||| |||| 00| 0 spa d
040 _aMUNICIPALIDAD PROVINCIAL DEL CUSCO
_cBIBLIOTECA MUNICIPAL DEL CUSCO
082 _a985.019 /
_bH84
100 _aHübner, Julio
_937715
245 _aEl origen cultural del Tahuantinsuyo /
260 _aLima :
_bConcytec,
300 _a97 páginas ;
_bIlustraciones,
_c21 cm.
505 _aContenido: Un enfoque diferente de la pre-historia -- Los quechuas y aymaraes -- El tiahuanaco -- Acerca de la atlantida -- Descendientes atlantes...
650 _aPerú
_935
650 _aHistoria
_9136
650 _aÉpoca Prehispánica
_92714
650 _aIncas
_9303
650 _aCultura
_9126
942 _2ddc
_cLIBROS
945 _aacv
_d2019-05-09